Loading...

[Rezension von: Hartmut Scholz, Albrecht Dürer und das Mosesfenster in St. Jakob in Straubing]

Saved in:
Bibliographic Details
Published in:Journal für Kunstgeschichte 11(2007), 2, Seite 137-141
Main Author: Schauerte, Thomas (Author, VerfasserIn)
Document Type: Online Resource Article
Language:German
Subjects:
Online Access:kostenfrei
kostenfrei
Related Items:Enthalten in: Journal für Kunstgeschichte
Rezension von: Albrecht Dürer und das Mosesfenster in St. Jakob in Straubing
Author Notes:Thomas Schauerte, Schwetzingen
LEADER 02049caa a2200409 c 4500
001 1547838779
003 DE-627
005 20260506171638.0
007 cr cn 008aaaaa
008 161010s2007 xx |||||oo 00| ||ger c
024 7 |a urn:nbn:de:bsz:16-jfk-327564  |2 urn 
024 7 |a 10.11588/jfk.2007.2.32756  |2 doi 
035 |a (DE-627)1547838779 
035 |a (DE-576)477838774 
035 |a (DE-599)BSZ477838774 
035 |a (OCoLC)1263829748 
040 |a DE-627  |b ger  |c DE-627  |e rda 
041 |a ger 
084 |a 9,10  |2 ssgn 
100 1 |a Schauerte, Thomas  |d 1967-  |e VerfasserIn  |0 (DE-588)141038241  |0 (DE-627)624509222  |0 (DE-576)181464098  |4 aut 
245 1 0 |a [Rezension von: Hartmut Scholz, Albrecht Dürer und das Mosesfenster in St. Jakob in Straubing]  |c Thomas Schauerte, Schwetzingen 
264 3 |a Heidelberg  |b arthistoricum.net  |c [2016] 
336 |a Text  |b txt  |2 rdacontent 
337 |a Computermedien  |b c  |2 rdamedia 
338 |a Online-Ressource  |b cr  |2 rdacarrier 
500 |a Elektronische Reproduktion der Druckausgabe 
583 1 |a Archivierung/Langzeitarchivierung gewährleistet  |x XA-DE-BW  |2 pdager  |5 DE-16 
655 7 |a Rezension  |0 (DE-588)4049712-4  |0 (DE-627)106186019  |0 (DE-576)209083166  |2 gnd-content 
773 0 8 |i Enthalten in  |t Journal für Kunstgeschichte  |d Regensburg : Schnell und Steiner, 2016  |g 11(2007), 2, Seite 137-141  |h Online-Ressource  |w (DE-627)856404578  |w (DE-600)2851742-8  |w (DE-576)467800618  |x 2509-2510  |7 nnas 
773 1 8 |g volume:11  |g year:2007  |g number:2  |g pages:137-141 
787 0 8 |i Rezension von  |t Albrecht Dürer und das Mosesfenster in St. Jakob in Straubing  |b Vorabdr.  |d Berlin : Dt. Verl. für Kunstwissenschaft, 2005  |h 24 Seiten  |w (DE-627)501819754  |w (DE-576)250582244  |z 3871572144 
856 4 0 |u http://nbn-resolving.de/urn:nbn:de:bsz:16-jfk-327564  |x Verlag  |x Resolving-System  |z kostenfrei  |3 Volltext  |7 0 
856 4 0 |u http://dx.doi.org/10.11588/jfk.2007.2.32756  |x Verlag  |x Resolving-System  |z kostenfrei  |3 Volltext  |7 0 
912 |a ZDB-282-AAE-article 
935 |h SWB  |i ld 
951 |a AR 
999 |a KXP-PPN1547838779  |e 2940682194